World's Tallest Countries Quiz Stats

 Plays Quiz not verified by Sporcle

Support Sporcle.
Go Orange.
Score 0/26 Timer 08:00
0 Plays Today
Average Male Height Country % Correct
178.9 cmUnited States
98.3%
177.2 cmUnited Kingdom
93%
181.0 cmGermany
92.9%
181.5 cmSweden
91.3%
179.7 cmNorway
90.6%
180.0 cmFinland
89.9%
176.0 cmRussia
89.4%
177.0 cmFrance
88.5%
178.0 cmSpain
87.4%
176.2 cmItaly
87.3%
180.6 cmDenmark
86.2%
182.9 cmNetherlands
85.5%
178.4 cmAustralia
80.5%
Average Male Height Country % Correct
179.5 cmBelgium
79.8%
178.1 cmSwitzerland
78.4%
179.6 cmAustria
78.1%
178.1 cmGreece
75.9%
177.4 cmIreland
75.9%
177.0 cmNew Zealand
70.2%
181.0 cmTurkey (Izmir Region)
67.4%
179.1 cmEstonia
64.9%
176.3 cmLithuania
64%
179.1 cmHungary (Debrecen Region)
62.6%
176.0 cmCroatia
54.7%
175.6 cmIsrael
37.2%
175.2 cmMalta
34.6%

You're not logged in!

Compare scores with friends on all Sporcle quizzes.
OR
Log In

From the Vault

Group Clicking: Europe - No Outlines

by Barbecue

The islands still have outlines, so that should be helpful.
Remove Ads.
Support Sporcle.
Get the best of Sporcle when you Go Orange. This ad-free experience offers more features, more stats, and more fun while also helping to support Sporcle. Thank you for becoming a member.

Show Comments

Extras

Top Quizzes Today


Score Distribution

Your Account Isn't Verified!

In order to create a playlist on Sporcle, you need to verify the email address you used during registration. Go to your Sporcle Settings to finish the process.

Report this User

Report this user for behavior that violates our Community Guidelines.

Details: